Countries with Alternate Vowel and Consonant - Statistics

General Stats
  • This quiz has been taken 66 times
  • The average score is 24 of 34
Answer Stats
Country % Correct
12 Iran
84%
13 Iraq
84%
25 Panama
84%
34 Yemen
84%
5 Canada
81%
9 Fiji
81%
14 Japan
81%
20 Mexico
81%
21 Monaco
81%
24 Oman
81%
31 Togo
81%
16 Kosovo
78%
26 Peru
78%
6 Comoros
75%
29 Sudan
75%
32 Tuvalu
75%
7 Cuba
72%
17 Lebanon
72%
19 Mali
72%
2 Belarus
69%
3 Belize
69%
4 Benin
69%
15 Kiribati
69%
27 Qatar
69%
28 Senegal
69%
1 Bahamas
66%
23 Niger
66%
10 Gabon
59%
22 Nepal
59%
11 Guyana
56%
30 Suriname
56%
8 Dominica
53%
18 Malawi
53%
33 United Arab Emirates
41%
No matching quizzes found
Score Distribution
Percent of People with Each Score
Percentile by Number Answered
Your Score History
You have not taken this quiz